East Africa Capitals - Statistics

General Stats
  • This quiz has been taken 85 times
  • The average score is 9 of 18
Answer Stats
Country Answer % Correct
Kenya Nairobi
91%
Ethiopia Addis Ababa
70%
Somalia Mogadishu
61%
Seychelles Victoria
61%
South Sudan Juba
57%
Uganda Kampala
57%
Madagascar Antananarivo
52%
Tanzania Dodoma
52%
Zimbabwe Harare
52%
Rwanda Kigali
48%
Malawi Lilongwe
48%
Zambia Lusaka
48%
Djibouti Djibouti City
43%
Mozambique Maputo
43%
Mauritius Port Louis
43%
Eretria Asmara
35%
Burundi Gitega
30%
Comoros Moroni
30%
No matching quizzes found
Score Distribution
Percent of People with Each Score
Percentile by Number Answered
Your Score History
You have not taken this quiz